000 01639cam a22004694a 4500
001 muse13454
003 MdBmJHUP
005 20210127150939.0
006 m o d
007 cr||||||||nn|n
008 080222s2008 utu o 00 0 eng d
010 _z 2008008593
020 _a9780874217209
020 _z9780874217186 (acid-free paper)
020 _z0874217180 (acid-free paper)
020 _z9780874217193 (pbk. : acid-free paper)
020 _z0874217199 (pbk. : acid-free paper)
020 _a0874217202
035 _a(OCoLC)654103925
040 _aMdBmJHUP
_cMdBmJHUP
050 0 4 _aPS3601.N5438
_bM77 2008
082 0 _a811/.6
_222
100 1 _aAnderson, Idris.
245 1 0 _aMrs. Ramsay's Knee
_cby Idris Anderson.
264 1 _bUtah State University Press,
264 3 _bProject MUSE,
300 _a1 online resource (xiv, 100 p.)
504 _aIncludes bibliographical references (p. 99-100).
506 0 _aOpen Access
_fUnrestricted online access
_2star
588 _aDescription based on print version record.
650 0 _aAmerican poetry.
655 7 _aElectronic books.
_2local
710 2 _aProject Muse.
_edistributor
830 0 _aBook collections on Project MUSE.
856 4 0 _zFull text available:
_uhttps://muse.jhu.edu/book/9854/
945 _aProject MUSE - Archive Poetry, Fiction and Creative Non-Fiction Foundation
945 _aProject MUSE - Archive Complete Foundation
999 _c24077
_d24077